000 01077nas a2200325 4500
001 BR2012000977
003 BR-BrBNA
005 20231205120144.0
007 ta
008 230509b bl.|||p| |||| 00| 00por d
040 _aBR-BrBNA
_bpor
_cBiblioteca Nacional de Agricultura
041 _a(Pt)
072 _aQ04
100 1 _aRocha, W.S.
100 1 _aLopes, R.M.
100 1 _aSilva, D.B. da
100 1 _aVieira, R.F.
100 1 _aSilva, J.P. da
100 1 _aAgostini-Costa, T. da S.
245 1 _aCompostos fenólicos totais e taninos condensados em frutas nativas do cerrado
246 1 _aTotal phenolics and condensed tannins in native fruits from brazilian savanna
650 _aCOMPOSTO FENÓLICO
650 _aTANINO
650 _aCERRADO
650 _aFRUTA
773 0 _tRevista Brasileira de Fruticultura (Brazil)
_xISSN 0100-2945
_g(Dec 2011), v. 33(4) p. 1215-1221
_wBR2012000977
856 4 _uhttp://www.scielo.br/pdf/rbf/v33n4/v33n4a21.pdf
_yRecurso eletrônico (PDF)
909 _a202311
_bLúcia
_c55
_dLúcia Elande
942 _2AGRIS
_n0
_cANA
999 _c217246
_d217246